Magazines for kids and teens

Guardat en:
Dades bibliogràfiques
Autor principal: Stoll, Donald R (Autor)
Format: Llibre
Idioma:anglès
Publicat: Glassboro Educational Press Association of America 1997
Matèries:
Etiquetes: Afegir etiqueta
Sense etiquetes, Sigues el primer a etiquetar aquest registre!

MARC

LEADER 00000nam a2200000 a 4500
001 UCO9558
003 CL-VaPUC
008 010302e19970000us |||||||||||||||||eng|d
082 0 4 |a 011.62  |b STO  |2 21 
100 0 |a Stoll, Donald R  |e author  |9 454834 
245 1 0 |a Magazines for kids and teens 
300 |a 118 p 
942 |c BK 
945 |d 20010302 00:00:00  |a cmena 
260 |a Glassboro  |b Educational Press Association of America  |c 1997 
650 7 |a REVISTAS - CATALOGOS  |2 CL-VaPUC  |9 454835 
650 7 |a NIÑOS - REVISTAS  |2 CL-VaPUC  |9 454836 
583 |a last modification  |c 20150511 04:37:42  |k Rodrigo Vera 
999 |c 293761  |d 293759 
952 |0 0  |1 0  |4 0  |6 011_620000000000000_STO_1997  |7 0  |8 A  |9 345472  |a FDOPOS  |b FDOPOS  |d 2019-11-20  |i 3689883  |o 011.62 STO 1997  |p 3689883  |r 2025-01-22  |w 2019-11-20  |y BK  |k MLA